Тэсс из рода д' Эрбервиллей: Чистая женщина, правдиво изображенная; Роман

Detaylı Bibliyografya
Yazar: Гарди Т. Томас
Diğer Yazarlar: Кривцова А. (переводчик)
Özet:В романе английского писателя-реалиста Томаса Гарди (1840 - 1928) "Тэсс из рода д'Эрбервиллей" (1891) рассказана история крестьянки, которую борьба за свое счастье приводит к преступлению и гибели на эшафоте. Образ Тэсс - один из самых поэтичных в английской литературе. Томас Гарди выделяется среди писателей-современников страстностью и глубиной социальных обличений, глубоким демократизмом. Его творчество высоко ценил М. Горький.
Dil:Rusça
Baskı/Yayın Bilgisi: Москва, Художественная литература, 1987
Konular:
Materyal Türü: MixedMaterials Kitap
KOHA link:https://koha.lib.tpu.ru/cgi-bin/koha/opac-detail.pl?biblionumber=126061

MARC

LEADER 00000nam0a2200000 4500
001 126061
005 20231031131717.0
035 |a (RuTPU)RU\TPU\book\136384 
090 |a 126061 
100 |a 20071123d1987 m y0rusy50 ca 
101 1 |a rus  |c eng 
102 |a RU 
105 |a y z 000ay 
200 1 |a Тэсс из рода д' Эрбервиллей  |e Чистая женщина, правдиво изображенная  |e Роман  |f Т. Гарди  |g пер. с англ. А. Кривцова 
210 |a Москва  |c Художественная литература  |d 1987 
215 |a 317 с. 
330 |a В романе английского писателя-реалиста Томаса Гарди (1840 - 1928) "Тэсс из рода д'Эрбервиллей" (1891) рассказана история крестьянки, которую борьба за свое счастье приводит к преступлению и гибели на эшафоте. Образ Тэсс - один из самых поэтичных в английской литературе. Томас Гарди выделяется среди писателей-современников страстностью и глубиной социальных обличений, глубоким демократизмом. Его творчество высоко ценил М. Горький. 
610 1 |a английская литература 
610 1 |a романы 
675 |a 82  |v 3 
700 1 |a Гарди  |b Т.  |g Томас 
702 1 |a Кривцова  |b А.  |4 730 
801 1 |a RU  |b 63413507  |c 20071123  |g PSBO 
801 2 |a RU  |b 63413507  |c 20100601  |g RCR 
942 |c BK